01557nab a2200409 a 450000100060000000300080000600500170001400600190003100700150005000800410006502200140010603500210012004000260014105000210016708000120018808200140020010000310021422200100024524501900025526000590044530000150050431000150051936200410053453301640057554600290073965000570076865000480082565000470087365000350092065000260095565000260098165500320100771000190103974000110105885600610106999900170113032547FlNmELB20241216220742.0m o d | cr cn|||||||||200904r2000 cu |||||s|||||||||||spa d a0047-1542 a(OCoLC)955398068 aFlNmELBbspacFlNmELB 4aAS261bA727 2000 a009(05)04a001.32221 aArmas Pérez, Lucía de. 0aIslas13aLa polémica filosófica y la formación de la conciencia nacional en José de la Luz y Caballero. La polémica del método (I)h[recurso electronico] /cLucía de Armas Pérez. aCiudad de La Habana :bEditorial Universitaria,c2000. a120-131 p. aTrimestral0 aVol. 42, Num. 125 (Julio-Sep. 2000)- aRecurso electrónico. Santa Fe, Arg.: e-libro, 2015. Disponible vía World Wide Web. El acceso puede estar limitado para las bibliotecas afiliadas a e-libro. aArtículo en español. 4aCiencias socialeszCubaxPublicaciones periódicas. 4aHistoriazCubaxPublicaciones periódicas. 4aCulturazCubaxPublicaciones periódicas. 4aHumanitieszCubaxPeriodicals. 4aHistoryxPeriodicals. 4aCulturexPeriodicals. 4aArtículos electrónicos.2 ae-libro, Corp.02aIslas.40uhttps://elibro.net/ereader/politecnicointernacional/3657 c32547d32547